[Event "New Delhi Matrix op 3rd"]
[Site "New Delhi"]
[Date "2024.04.08"]
[Round "6"]
[White "Siddhant, Nath Jha"]
[Black "Kumar, Gaurav"]
[Result "0-1"]
[WhiteElo "1704"]
[BlackElo "2083"]
[PlyCount "54"]
[EventDate "2024.04.06"]
[EventType "swiss"]
[EventRounds "9"]
[EventCountry "IND"]
[SourceTitle "CB16_2024"]
[SourceDate "2024.04.17"]
[SourceVersion "1"]
[SourceVersionDate "2024.04.17"]
[SourceQuality "1"]

1. e4 c5 2. Nf3 Nc6 3. d4 cxd4 4. Nxd4 Nf6 5. Nc3 e5 6. Ndb5 d6 7. Bg5 a6 8. Na3 b5 9. Nd5 Be7 10. Bxf6 Bxf6 11. c3 Bg5 12. Nc2 Rb8 13. Be2 0-0 14. Bg4 Be6 15. Nce3 Qd7 16. Nf5 g6 17. h4 Bd8 18. Nh6+ Kg7 19. h5 Bg5 20. hxg6 Bxh6 21. Rxh6 Kxh6 22. Qd2+ Kg7 23. gxh7 f6 24. 0-0-0 Bxg4 25. Rh1 Kh8 26. Ne3 Be6 27. g3 b4 0-1

[Event "Guwahati Sakatam op 1st"]
[Site "Guwahati"]
[Date "2024.03.27"]
[Round "8"]
[White "Ashutosh, Kumar2"]
[Black "Kumar, Gaurav"]
[Result "0-1"]
[WhiteElo "1825"]
[BlackElo "2049"]
[PlyCount "116"]
[EventDate "2024.03.23"]
[EventType "swiss"]
[EventRounds "10"]
[EventCountry "IND"]
[SourceTitle "CB15_2024"]
[SourceDate "2024.04.10"]
[SourceVersion "1"]
[SourceVersionDate "2024.04.10"]
[SourceQuality "1"]

1. d4 Nf6 2. c4 e6 3. Nf3 d5 4. Nc3 Be7 5. cxd5 exd5 6. Bf4 c6 7. h3 Bd6 8. e3 Bxf4 9. exf4 0-0 10. Bd3 Qb6 11. Qc2 Re8+ 12. Kf1 Na6 13. a3 c5 14. Na4 Qc7 15. Nxc5 Nxc5 16. Qxc5 Qxf4 17. Qc1 Nh5 18. Bb5 Re4 19. Kg1 Qf6 20. Bd3 Re7 21. Qg5 Qxg5 22. Nxg5 f6 23. Nf3 Nf4 24. Bf1 Bf5 25. Rc1 Ne2+ 26. Bxe2 Rxe2 27. b4 Rc8 28. Rxc8+ Bxc8 29. Kh2 Rxf2 30. Rc1 Bf5 31. Rc7 Be4 32. Rxb7 Ra2 33. Kg1 Rxa3 34. Nd2 Bxg2 35. h4 Rd3 36. Kxg2 Rxd2+ 37. Kg3 Rd3+ 38. Kg4 g6 39. h5 Rxd4+ 40. Kg3 gxh5 41. b5 Rb4 42. Rxa7 Rxb5 43. Rd7 Rb3+ 44. Kf4 h4 45. Rxd5 h3 46. Rh5 Kg7 47. Ra5 h2 48. Rh5 Rb2 49. Rh3 Rf2+ 50. Kg3 Rb2 51. Kf4 h6 52. Rg3+ Kh7 53. Rh3 Rc2 54. Kf5 Rf2+ 55. Kg4 Kg6 56. Kg3 Rb2 57. Rh4 f5 58. Kf3 Kg5 0-1

[Event "Bangalore op 1st"]
[Site "Bangalore"]
[Date "2024.01.19"]
[Round "2"]
[White "Kumar, Gaurav"]
[Black "Dushyant, Sharma"]
[Result "0-1"]
[WhiteElo "1953"]
[BlackElo "2357"]
[PlyCount "94"]
[EventDate "2024.01.18"]
[EventType "swiss"]
[EventRounds "10"]
[EventCountry "IND"]
[SourceTitle "CB05_2024"]
[SourceDate "2024.01.31"]
[SourceVersion "1"]
[SourceVersionDate "2024.01.31"]
[SourceQuality "1"]

1. Nf3 d5 2. g3 Nc6 3. d4 Bf5 4. Bg2 e6 5. c3 Nf6 6. 0-0 Be7 7. Nbd2 h6 8. b3 0-0 9. Bb2 a5 10. c4 a4 11. Ne5 Nb8 12. c5 c6 13. b4 Nbd7 14. a3 Qc7 15. Re1 Nxe5 16. dxe5 Nd7 17. e4 Bg6 18. f4 b6 19. f5 exf5 20. exd5 cxd5 21. Bxd5 Rad8 22. c6 Nc5 23. Qf3 Bh5 24. Qxh5 Rxd5 25. Nf3 Nd3 26. Red1 Qxc6 27. Nd4 Qc4 28. Nxf5 Bg5 29. Qe2 Nxb2 30. Qxb2 Rxd1+ 31. Rxd1 Qe4 32. Qf2 Qxe5 33. Re1 Qc3 34. h4 Bf6 35. Re3 Qc1+ 36. Kh2 g6 37. Nxh6+ Kg7 38. Rf3 Rd8 39. Qf1 Rd1 40. Qg2 Qxh6 41. Rxf6 Qc1 42. Rf2 Qxa3 43. Qb7 Qb3 44. Qxb6 a3 45. Qf6+ Kg8 46. h5 Qd5 47. Rf3 Qxh5+ 0-1

[Event "Agartala Dutta Memorial 3rd"]
[Site "Agartala"]
[Date "2023.11.01"]
[Round "1"]
[White "Kumar, Gaurav"]
[Black "Naiyayike, Biswas"]
[Result "1-0"]
[WhiteElo "1953"]
[BlackElo "1083"]
[PlyCount "51"]
[EventDate "2023.11.01"]
[EventType "swiss"]
[EventRounds "10"]
[EventCountry "IND"]
[SourceTitle "CB46_2023"]
[SourceDate "2023.11.15"]
[SourceVersion "1"]
[SourceVersionDate "2023.11.15"]
[SourceQuality "1"]

1. e4 c5 2. Nf3 d6 3. d4 cxd4 4. Nxd4 Nf6 5. Nc3 g6 6. Be3 Bg7 7. f3 Nc6 8. Qd2 Bd7 9. 0-0-0 0-0 10. g4 Nxd4 11. Bxd4 Qa5 12. Kb1 Rac8 13. Nd5 Qd8 14. Nxf6+ Bxf6 15. Bxf6 exf6 16. Qxd6 Ba4 17. b3 Bc6 18. Bc4 Re8 19. h4 Kg7 20. h5 Qxd6 21. Rxd6 g5 22. h6+ Kg6 23. e5 Re6 24. Bd3+ Be4 25. Bxe4+ f5 26. Bxf5# 1-0

[Event "Udaipur Pandiyar op 8th"]
[Site "Udaipur"]
[Date "2023.10.19"]
[Round "9"]
[White "Raj, D Vyas"]
[Black "Kumar, Gaurav"]
[Result "1-0"]
[WhiteElo "1828"]
[BlackElo "1971"]
[PlyCount "105"]
[EventDate "2023.10.15"]
[EventType "swiss"]
[EventRounds "9"]
[EventCountry "IND"]
[SourceTitle "Mega2024 Update 01"]
[Source "Chessbase"]
[SourceDate "2023.11.12"]
[SourceVersion "1"]
[SourceVersionDate "2023.11.12"]
[SourceQuality "1"]

1. e4 c5 2. Nf3 Nc6 3. d4 cxd4 4. Nxd4 Nf6 5. Nxc6 bxc6 6. Bd3 e5 7. 0-0 Be7 8. c4 0-0 9. Nc3 d6 10. h3 Be6 11. Be3 Nd7 12. Qc2 Bg5 13. Rfe1 Bf4 14. Bf1 Qg5 15. g3 Bxe3 16. Rxe3 f5 17. exf5 Bxf5 18. Bd3 Nc5 19. Bxf5 Rxf5 20. Ne4 Nxe4 21. Qxe4 Raf8 22. Re2 Qf6 23. Qc2 h5 24. h4 d5 25. Rd1 e4 26. cxd5 cxd5 27. Qc5 Qb6 28. Qxb6 axb6 29. Red2 Rd8 30. Rd4 Re5 31. R1d2 Kf7 32. f3 exf3 33. Kf2 Rf5 34. R2d3 Ke6 35. Rxf3 Rxf3+ 36. Kxf3 Ke5 37. Rb4 Rd6 38. a4 d4 39. Rb5+ Rd5 40. Rxd5+ Kxd5 41. b4 Kc4 42. a5 bxa5 43. bxa5 Kb5 44. Ke4 Kxa5 45. Kxd4 Kb5 46. Ke5 Kc5 47. Kf5 Kd5 48. Kg6 Ke4 49. Kxg7 Kf3 50. Kg6 Kg4 51. Kh6 Kxg3 52. Kxh5 Kh3 53. Kg5 1-0

[Event "Udaipur Pandiyar op 8th"]
[Site "Udaipur"]
[Date "2023.10.16"]
[Round "3"]
[White "Arijit, Ghosh1"]
[Black "Kumar, Gaurav"]
[Result "0-1"]
[WhiteElo "1486"]
[BlackElo "1971"]
[PlyCount "94"]
[EventDate "2023.10.15"]
[EventType "swiss"]
[EventRounds "9"]
[EventCountry "IND"]
[SourceTitle "Mega2024 Update 01"]
[Source "Chessbase"]
[SourceDate "2023.11.12"]
[SourceVersion "1"]
[SourceVersionDate "2023.11.12"]
[SourceQuality "1"]

1. e4 c5 2. Nc3 Nc6 3. f4 g6 4. Nf3 Bg7 5. Bb5 Nd4 6. 0-0 Nxb5 7. Nxb5 d5 8. exd5 a6 9. Nc3 Nf6 10. d4 Nxd5 11. dxc5 Nxc3 12. Qxd8+ Kxd8 13. bxc3 Bxc3 14. Rb1 Kc7 15. Rb3 Bf6 16. Be3 Be6 17. Rb6 Bxa2 18. Nd4 Rhd8 19. c3 Bxd4 20. cxd4 Bc4 21. Rfb1 Bb5 22. Kf2 Bc6 23. g3 a5 24. R1b3 a4 25. Ra3 Rd5 26. Rb2 f6 27. h4 Rf8 28. Rd2 h5 29. Ke2 Kd7 30. Bf2 Ra8 31. Kd3 g5 32. hxg5 fxg5 33. fxg5 Rxg5 34. Kc2 Rf8 35. Kb2 e6 36. Re3 Rgf5 37. Be1 Rf1 38. Re5 R8f3 39. Rde2 a3+ 40. Kc2 Bd5 41. R5e3 a2 42. Kb2 Rxe3 43. Rxe3 Kc6 44. Ka1 Bc4 45. Re5 Bd5 46. Kb2 Rf3 47. Bc3 Rxc3 0-1

[Event "Bikaner op 1st"]
[Site "Bikaner"]
[Date "2022.10.08"]
[Round "9"]
[White "Aryan, Arora2222"]
[Black "Kumar, Gaurav"]
[Result "0-1"]
[WhiteElo "1750"]
[BlackElo "2083"]
[PlyCount "50"]
[EventDate "2022.10.01"]
[EventType "swiss"]
[EventRounds "10"]
[EventCountry "IND"]
[SourceTitle "CBM 210 Extra"]
[Source "ChessBase"]
[SourceDate "2022.11.30"]
[SourceVersion "1"]
[SourceVersionDate "2022.11.30"]
[SourceQuality "1"]

1. d4 Nf6 2. c4 e6 3. Nf3 Bb4+ 4. Nbd2 0-0 5. e3 b6 6. Bd3 Bb7 7. a3 Bxd2+ 8. Bxd2 d6 9. 0-0 Ne4 10. Be1 f5 11. Nd2 Qg5 12. Nxe4 fxe4 13. Be2 Nd7 14. b4 Rf6 15. a4 Raf8 16. a5 a6 17. b5 Rh6 18. f4 exf3 19. Bxf3 Rhf6 20. Kh1 Be4 21. Bd2 axb5 22. a6 bxc4 23. Rg1 Rxf3 24. gxf3 Rxf3 25. Qb1 Qf5 0-1

[Event "Raipur Chhattisgarh"]
[Site "Raipur"]
[Date "2022.09.27"]
[Round "9"]
[White "Laddha, Shubh Jayesh"]
[Black "Kumar, Gaurav"]
[Result "1-0"]
[WhiteElo "2248"]
[BlackElo "2073"]
[PlyCount "66"]
[EventDate "2022.09.19"]
[EventType "swiss"]
[EventRounds "10"]
[EventCountry "IND"]
[SourceTitle "CBM 210 Extra"]
[Source "ChessBase"]
[SourceDate "2022.11.30"]
[SourceVersion "1"]
[SourceVersionDate "2022.11.30"]
[SourceQuality "1"]

1. e4 e5 2. Nf3 Nc6 3. Bc4 Nf6 4. d3 Be7 5. 0-0 0-0 6. Re1 d6 7. a4 Na5 8. Ba2 c5 9. c3 Nc6 10. Na3 h6 11. Bd2 a6 12. h3 Re8 13. Nc4 Be6 14. Ne3 d5 15. exd5 Nxd5 16. Nc4 f6 17. a5 Qd7 18. d4 cxd4 19. cxd4 Rad8 20. dxe5 f5 21. Qe2 Bc5 22. Rad1 Qf7 23. Nd6 Bxd6 24. exd6 Rxd6 25. Ne5 Nxe5 26. Qxe5 Rdd8 27. Bc3 Kh7 28. Rxd5 Bxd5 29. Bxd5 Rxe5 30. Bxf7 Rxe1+ 31. Bxe1 Rd1 32. Kf1 Rb1 33. b3 g6 1-0

[Event "Raipur Chhattisgarh"]
[Site "Raipur"]
[Date "2022.09.25"]
[Round "7"]
[White "Kumar, Gaurav"]
[Black "Aaditya, Dhingra"]
[Result "1/2-1/2"]
[WhiteElo "2073"]
[BlackElo "2178"]
[PlyCount "102"]
[EventDate "2022.09.19"]
[EventType "swiss"]
[EventRounds "10"]
[EventCountry "IND"]
[SourceTitle "CBM 210 Extra"]
[Source "ChessBase"]
[SourceDate "2022.11.30"]
[SourceVersion "1"]
[SourceVersionDate "2022.11.30"]
[SourceQuality "1"]

1. d4 Nf6 2. c4 e6 3. g3 Bb4+ 4. Bd2 Qe7 5. Bg2 Nc6 6. e3 0-0 7. Ne2 d5 8. 0-0 Rd8 9. a3 Bxd2 10. Nxd2 Nb8 11. Qc2 c6 12. e4 dxe4 13. Nxe4 Nbd7 14. N2c3 Nxe4 15. Nxe4 Nf6 16. Rad1 Bd7 17. Rfe1 Be8 18. f4 Nxe4 19. Qxe4 Qf6 20. Qe5 Qxe5 21. dxe5 Rxd1 22. Rxd1 Kf8 23. Kf2 Ke7 24. Ke3 Rc8 25. b4 Bd7 26. Be4 h5 27. Bf3 g6 28. Be4 Rf8 29. a4 Kd8 30. a5 Kc7 31. c5 a6 32. Rd2 Rd8 33. h3 Rh8 34. Rd1 Bc8 35. Rd2 Bd7 36. Rh2 Kd8 37. Rh1 Ke7 38. g4 hxg4 39. hxg4 Rxh1 40. Bxh1 Ke8 41. Be4 Ke7 42. Bd3 Bc8 43. Kf3 Kf8 44. Kg3 Kg7 45. Kh4 Kh6 46. Bc4 Bd7 47. Bb3 Bc8 48. Bc4 Bd7 49. f5 g5+ 50. Kg3 Kg7 51. f6+ Kf8 1/2-1/2

[Event "Agartala Tripura Dutta Memorial 2nd"]
[Site "Agartala Tripura"]
[Date "2022.08.16"]
[Round "7"]
[White "Arshiya, Das"]
[Black "Kumar, Gaurav"]
[Result "1/2-1/2"]
[WhiteElo "1496"]
[BlackElo "2090"]
[PlyCount "88"]
[EventDate "2022.08.13"]
[EventType "swiss"]
[EventRounds "10"]
[EventCountry "IND"]
[SourceTitle "EXT 2023"]
[Source "ChessBase"]
[SourceDate "2022.10.05"]
[SourceVersion "1"]
[SourceVersionDate "2022.10.05"]
[SourceQuality "1"]

1. e4 e5 2. Nf3 Nc6 3. Bb5 a6 4. Bxc6 dxc6 5. 0-0 Bg4 6. h3 h5 7. d3 Qf6 8. Nbd2 g5 9. Nc4 Bxf3 10. Qxf3 Qxf3 11. gxf3 f6 12. Rd1 Ne7 13. Kf1 Ng6 14. Ke2 0-0-0 15. Be3 Be7 16. Rh1 Nh4 17. Rag1 b6 18. a3 c5 19. Nd2 Kd7 20. Nf1 Ke6 21. Ng3 Rdf8 22. Nf1 f5 23. Nh2 Rhg8 24. Bc1 Rf7 25. Bd2 b5 26. Be3 a5 27. Bd2 a4 28. Be3 b4 29. Ra1 fxe4 30. fxe4 b3 31. c3 Rgf8 32. Raf1 Nf3 33. Nxf3 Rxf3 34. Rfg1 R3f7 35. Rh2 h4 36. Rg4 Rg8 37. Rhg2 Rfg7 38. Rg1 Kf7 39. R1g2 Ke8 40. c4 Kf7 41. Rg1 Rg6 42. R1g2 R6g7 43. Rg1 Rg6 44. R1g2 R6g7 1/2-1/2